Investiční majetek v účetníctví politických stran, hnutí, občanských sdružení a jiných nevýdělečných organizací od roku 1993.

Prehľad odlišností účtovania investičného majetku politických strán, hnutí a občianskych združení od účtovania v iných prípadoch, ktoré sa v časopise Účetnictví - Účtovníctvo už podrobne preberali. Rozdiely a špecifické prípady, ktorých nie je veľa, sú podrobne ilustrované príkladmi.

Gespeichert in:
Bibliographische Detailangaben
1. Verfasser: Tuček, V.
Format: Buchkapitel
Sprache:Tschechisch
Schlagworte:
Tags: Tag hinzufügen
Keine Tags, Fügen Sie das erste Tag hinzu!

MARC

LEADER 00000naa a2200000 4500
001 r010082
005 20220831085409.7
041 0 |a cze 
044 |a [CS] 
245 1 0 |a Investiční majetek v účetníctví politických stran, hnutí, občanských sdružení a jiných nevýdělečných organizací od roku 1993.  |c V. Tuček 
520 |a Prehľad odlišností účtovania investičného majetku politických strán, hnutí a občianskych združení od účtovania v iných prípadoch, ktoré sa v časopise Účetnictví - Účtovníctvo už podrobne preberali. Rozdiely a špecifické prípady, ktorých nie je veľa, sú podrobne ilustrované príkladmi. 
610 2 0 |a účtovníctvo 
610 2 0 |a účty investičné 
610 2 0 |a strany politické 
610 2 0 |a 1993 
610 2 0 |a majetok investičný 
100 1 |a Tuček, V.